000 00632nam a2200205Ia 4500
001 16638
003 GE_BSU
008 181216s||||||||xx |||||||||||||| ||und||
040 _cGE_BSU
080 _a821.353.1-32
100 _aმაისურაძე, ელ.
245 _aორი შეხვედრა. [მოთხრობები]
260 _aთბილისი
260 _bლიტერატურა და ხელოვნება
260 _c1965
300 _a259გვ. ; 21სმ.
653 _aმოთხრობები
653 _aორი შეხვედრა
942 _cBK
999 _c49704
_d49704